书目信息 |
| 题名: |
林徽因集
|
|
| 作者: | 林徽因 著 ;梁从诫 编 | |
| 分册: | 小说·戏剧 翻译·书信 | |
| 出版信息: | 北京 人民文学出版社 2014 |
|
| 页数: | 292页 | |
| 开本: | 25cm | |
| 丛书名: | ||
| 单 册: | ||
| 中图分类: | Z427.1 , I216.2 | |
| 科图分类: | ||
| 主题词: | 中国文学--zhong guo wen xue--现代文学--作品集 | |
| 电子资源: | ||
| ISBN: | 978-7-02-010482-6 | |
| 000 | 01044nam0 22002771 450 | |
| 001 | 0122100733 | |
| 005 | 20170322100733.0 | |
| 010 | @a978-7-02-010482-6@b精装@dCNY56.00 | |
| 100 | @a20150206d2014 em y0chiy50 ea | |
| 101 | 0 | @achi |
| 102 | @aCN@b110000 | |
| 105 | @aa z 000zd | |
| 106 | @ar | |
| 200 | 1 | @a林徽因集@9lin hui yin ji@i小说·戏剧 翻译·书信@f梁从诫编 |
| 210 | @a北京@c人民文学出版社@d2014 | |
| 215 | @a292页@c图,照片(62页)@d25cm | |
| 314 | @a封面题:梁从诫编 | |
| 330 | @a本书收录了林徽因的小说作品《窘》、《九十九度中》、《吉公》、《文珍》、《绣绣》;戏剧作品《梅真同他们》;翻译作品《夜莺与玫瑰》;书信作品《致胡适》、《致沈从文》、《致费慰梅》、《致梁思成》等文学作品。 | |
| 600 | 0 | @a林徽因@Alin hui yin@f(1904-1955)@j文集 |
| 606 | 0 | @a中国文学@9zhong guo wen xue@x现代文学@x作品集 |
| 690 | @aZ427.1@v5 | |
| 690 | @aI216.2@v5 | |
| 701 | 0 | @a林徽因@9lin hui yin@f(1903~1955)@4著 |
| 702 | 0 | @a梁从诫@9liang cong jie@f(1932~2010)@4编 |
| 801 | 0 | @aCN@bTANGWEI@c20170308 |
| 905 | @b0959274-7@dZ427.1@e65@f4 | |
| 林徽因集.小说·戏剧 翻译·书信/梁从诫编.-北京:人民文学出版社,2014 |
| 292页:图,照片(62页);25cm |
| ISBN 978-7-02-010482-6(精装):CNY56.00 |
| 本书收录了林徽因的小说作品《窘》、《九十九度中》、《吉公》、《文珍》、《绣绣》;戏剧作品《梅真同他们》;翻译作品《夜莺与玫瑰》;书信作品《致胡适》、《致沈从文》、《致费慰梅》、《致梁思成》等文学作品。 |
| ● |
| 相关链接 |
|
|
|
|
正题名:林徽因集
索取号:Z427.1/65
 
预约/预借
| 序号 | 登录号 | 条形码 | 馆藏地/架位号 | 状态 | 备注 |
| 1 | 0959274 | 209592742 | 第二样本阅览室/ [索取号:Z427.1/65] | 在馆 | |
| 2 | 0959275 | 209592751 | 第三借阅区/ [索取号:Z427.1/65] | 在馆 | |
| 3 | 0959276 | 209592760 | 第三借阅区/ [索取号:Z427.1/65] | 在馆 | |
| 4 | 0959277 | 209592779 | 第三借阅区/ [索取号:Z427.1/65] | 在馆 |